| 000 | 00844cam a2200301 4500 | ||
|---|---|---|---|
| 008 | 090401t1994 xxu||||| |||| 00| 0 eng d | ||
| 020 | _a1856770834 | ||
| 035 | _a(Sirsi) u62388 | ||
| 041 | _aeng | ||
| 050 | _a306.65 | ||
| 100 | _aLeather, Philip | ||
| 245 | _aPapering over the cracks: housing conditions and the nation`s health. | ||
| 260 |
_aLondon _bNational Housing Forum _c1994 |
||
| 300 | _a64p. ; 30cm. | ||
| 350 | _a12 | ||
| 520 | _aSponsored by the Joseph Rowntree Foundation. | ||
| 650 | _aHOUSING CONDITIONS | ||
| 650 | _aJOSEPH ROWNTREE FOUNDATION | ||
| 650 | _aPAPERING OVER THE CRACKS | ||
| 650 | _aPRIVATE SECTOR | ||
| 650 | _aUNFIT HOUSING | ||
| 690 | _aHOUSING | ||
| 700 | _aMackintosh, Sheila | ||
| 700 | _aRolfe, Sue | ||
| 710 |
_aNational Housing Forum _9316 |
||
| 942 | _n0 | ||
| 948 | _c04/03/1997 | ||
| 999 |
_c94399 _d94399 |
||